[Event "Madrid ch - Previa A"]
[Site "Madrid ESP"]
[Date "2009.11.18"]
[Round "9.21"]
[White "Carrera Cabaneros, Francisco"]
[Black "Perez Herrero, Angel"]
[Result "1-0"]
[WhiteElo "1816"]
[BlackElo "1627"]
[PlyCount "71"]
[EventDate "2009.11.02"]
[EventType "swiss"]
[EventRounds "9"]
[EventCountry "ESP"]
[Source "lmi"]
[SourceDate "2009.11.02"]

1. d4 d5 2. c4 e6 3. Nc3 c6 4. e4 dxe4 5. Nxe4 Nf6 6. Nxf6+ Qxf6 7. Nf3 Bb4+ 8.
Bd2 a5 9. Be2 O-O 10. O-O Bxd2 11. Qxd2 b5 12. cxb5 cxb5 13. Bxb5 Rd8 14. Rfd1
Bb7 15. Ne5 Rd5 16. Qe2 Ba6 17. a4 Qd8 18. Qf3 f6 19. Nc6 Qd6 20. Nxa5 Bxb5 21.
axb5 Qb6 22. Nc4 Qxb5 23. Rxa8 Qxc4 24. Rxb8+ Kf7 25. Qc3 Qa4 26. Rb7+ Kg6 27.
Qd3+ Kh6 28. g3 e5 29. Qe3+ g5 30. Qb3 Qc6 31. Rb6 Qd7 32. Rxf6+ Kg7 33. Rb6
Rxd4 34. Rxd4 Qxd4 35. Rb7+ Kh6 36. Qb6+ 1-0